Aḥmad Zakī : ḥayatuhu wa-fikruhu wa-adabuh /

محفوظ في:

المؤلف الرئيسي: Jawādī, Muḥammad Muḥammad (مؤلف)

التنسيق: كتاب

اللغة: Arabic

منشور في: [Cairo] : al-Hayʼah al-Miṣrīyah al-ʻĀmmah lil-Kitāb, 1984.

سلاسل: Aʻlām al-ʻĀrab ; 105.

الموضوعات:

الوسوم: إضافة وسم

لا توجد وسوم, كن أول من يضع وسما على هذه التسجيلة!

رقم الطلب: CT2718 .A35 J38 1984

LEADER 01581nam a2200313Ia 4500
003 OSt
005 20230213083808.0
008 130303s1984 ua g 001 0bara d
952 |0 0  |1 0  |2 lcc  |4 0  |6 CT2718 A35 J38 01984  |7 1  |9 45565  |a ARCE  |b ARCE  |d 2023-02-13  |l 0  |o CT2718 .A35 J38 1984  |p 1030704  |r 2023-02-13 00:00:00  |w 2023-02-13  |y BK 
999 |c 26725  |d 26725 
020 |a 9770104310 
040 |c ARCE Library 
041 0 |a ara  |b eng 
050 4 |a CT2718 .A35 J38 1984 
100 1 |6 880-01  |a Jawādī, Muḥammad Muḥammad,  |e author  |9 33198 
245 1 0 |6 880-02  |a Aḥmad Zakī :   |b ḥayatuhu wa-fikruhu wa-adabuh /   |c Muḥammad Muḥammad al-Jawādi. 
246 1 5 |a Ahmed Zaki :   |b his life, philosophy and literature. 
264 1 |a [Cairo] :   |b al-Hayʼah al-Miṣrīyah al-ʻĀmmah lil-Kitāb,   |c 1984. 
300 |a 407 pages ;   |c 20 cm. 
490 1 |a Aʻlām al-ʻĀrab ;   |v 105. 
500 |a Includes index. 
500 |a Title on added title page : Ahmed Zaki. 
546 |a Abstract in English. 
600 0 0 |a Aḥmad Zakī,  |d approximately 1866-1934. 
830 0 |a Aʻlām al-ʻĀrab ;   |v 105. 
880 1 |6 100-01/(3/r  |a جوادي، محمد محمد.‪‪‪‪‪‪‪‪‪‪‪‪‪‪‪‪‪‪‪‪‪‪‪‪‪‪‪‪‪‪‪‪‪‪‪‪‪‪‪‪‪‪‪‪‪‪ 
880 1 0 |6 245-02/(3/r  |a أحمد زكي :   |b حياته و فكره و أدبه   |c محمد محمد الجوادي.‪‪‪‪‪‪‪‪‪‪‪‪‪‪‪‪‪‪‪‪‪‪‪‪‪‪‪‪‪‪‪‪‪‪‪‪‪‪‪‪‪‪‪‪‪‪ 
901 |a reviewed 
942 |c BK  |2 lcc